Die ätherischen Öle, (Record no. 7872)

MARC details
000 -LEADER
fixed length control field 00879cam a22002411 4500
001 - CONTROL NUMBER
control field agr10001843
003 - CONTROL NUMBER IDENTIFIER
control field DLC
005 - DATE AND TIME OF LATEST TRANSACTION
control field 20260227110931.0
008 - FIXED-LENGTH DATA ELEMENTS--GENERAL INFORMATION
fixed length control field 761112s19101916xx 000 0 ger
010 ## - LIBRARY OF CONGRESS CONTROL NUMBER
LC control number agr10001843
035 ## - SYSTEM CONTROL NUMBER
System control number (OCoLC)2556116
040 ## - CATALOGING SOURCE
Original cataloging agency DLC
Transcribing agency CPT
Modifying agency CPT
-- DLC
042 ## - AUTHENTICATION CODE
Authentication code premarc
050 00 - LIBRARY OF CONGRESS CALL NUMBER
Classification number TP958
Item number .G452
100 1# - MAIN ENTRY--PERSONAL NAME
Personal name Gildemeister, Eduard.
245 15 - TITLE STATEMENT
Title Die ätherischen Öle,
Statement of responsibility, etc. von E. Gildemeister und Fr. Hoffmann. 2. Aufl. von E. Gildemeister. Bearb. im Auftrage der Firma Schimmel in Miltitz bei Leipzig.
260 ## - PUBLICATION, DISTRIBUTION, ETC.
Place of publication, distribution, etc. Miltitz bei Leipzig,
Name of publisher, distributor, etc. Schimmel,
Date of publication, distribution, etc. 1910-16.
300 ## - PHYSICAL DESCRIPTION
Extent 3v.
Other physical details illus., double maps, tables (in pocket)
Dimensions 24cm.
500 ## - GENERAL NOTE
General note Separate pamphlet of tables in pocket of v.l.
504 ## - BIBLIOGRAPHY, ETC. NOTE
Bibliography, etc. note Bibliographical footnotes.
650 #0 - SUBJECT ADDED ENTRY--TOPICAL TERM
Topical term or geographic name entry element Essences and essential oils.
700 1# - ADDED ENTRY--PERSONAL NAME
Personal name Hoffmann, Fr.
Fuller form of name (Friedrich),
Dates associated with a name 1832-1904,
Relator term joint author.

No items available.

Powered by Koha